| 000 -LEADER |
| fixed length control field |
00609nam a22001577a 4500 |
| 005 - DATE AND TIME OF LATEST TRANSACTION |
| control field |
20231117150956.0 |
| 008 - FIXED-LENGTH DATA ELEMENTS--GENERAL INFORMATION |
| fixed length control field |
231117s1969 ru ||||| |||| 00| 0 rus d |
| 041 ## - LANGUAGE CODE |
| Language code of text/sound track or separate title |
rus |
| 080 ## - UNIVERSAL DECIMAL CLASSIFICATION NUMBER |
| Universal Decimal Classification number |
930.2:003.071(=124) Ф-32 |
| 100 ## - MAIN ENTRY--PERSONAL NAME |
| Personal name |
Федорова, Е.В. |
| 9 (RLIN) |
20423 |
| 245 ## - TITLE STATEMENT |
| Title |
Латинская эпиграфика / |
| Statement of responsibility, etc. |
Елена Васильевна Федорова. |
| 264 ## - PRODUCTION, PUBLICATION, DISTRIBUTION, MANUFACTURE, AND COPYRIGHT NOTICE |
| Place of production, publication, distribution, manufacture |
М., |
| Name of producer, publisher, distributor, manufacturer |
Издательство Московского университета |
| Date of production, publication, distribution, manufacture, or copyright notice |
1969. |
| 300 ## - PHYSICAL DESCRIPTION |
| Extent |
373 p.: |
| Other physical details |
ил. |
| Dimensions |
22 см. |
| 653 ## - INDEX TERM--UNCONTROLLED |
| keyword |
ლათინური ეპიგრაფიკა |
| 942 ## - ADDED ENTRY ELEMENTS (KOHA) |
| Source of classification or shelving scheme |
|
| Koha item type |
წიგნი |